000
00316nam a22001337a 4500
008
170823b xxu||||| |||| 00| 0 eng d
020
_a
0122795067
041
_a
eng
080
_a
51
100
_a
38
101
_a
MAT
245
_a
REPRESENTATION THEORY AND AUTOMORPHIC FUNCTIONS
_c
GEL'FAND,I,M
942
_2
udc
_c
BK
999
_c
24721
_d
24721